Encyclopedia of human resource development (set of 9 volumes) : leading HR delivering competitive advantage, vol. 7

Bibliographic Details
Main Author: Morton, Clive
Other Authors: Newall, Andrew, Sparkes, Jon
Format: Book
Published: Mumbai : Jaico Publishing House , 2004
Subjects:

MARC

LEADER 00000cam a2200000 7i4500
001 0000018229
005 20080611.0
008 080604
020 |a 8179921387 
090 0 0 |a 658.303   |b MOR 
100 1 |a Morton, Clive 
245 1 0 |a Encyclopedia of human resource development (set of 9 volumes) :   |b leading HR delivering competitive advantage, vol. 7   |c Clive Morton, Andrew Newall, Jon Sparkes 
260 |a Mumbai :   |b Jaico Publishing House ,   |c 2004 
650 0 |a Human resource management   |x Encyclopedia and dictionary 
650 0 |a Personal management   |x Encyclopedia and dictionary 
700 1 |a Newall, Andrew 
700 1 |a Sparkes, Jon 
999 |a 0001020267   |b Book   |c REFERENCE   |e Perbadanan Perpustakaan Awam Johor 
999 |a 0001020268   |b Book   |c Adult Collection   |e Cawangan Urban Transformation Centre